A supergravity primer : (Record no. 744)

MARC details
000 -LEADER
fixed length control field 00608nam a22001937a 4500
005 - DATE AND TIME OF LATEST TRANSACTION
control field 20250420134823.0
008 - FIXED-LENGTH DATA ELEMENTS--GENERAL INFORMATION
fixed length control field 211114b ||||| |||| 00| 0 eng d
020 ## - INTERNATIONAL STANDARD BOOK NUMBER
International Standard Book Number 9789811210518
040 ## - CATALOGING SOURCE
Transcribing agency KCST
082 ## - DEWEY DECIMAL CLASSIFICATION NUMBER
Classification number 539.725
Item number Tr Su
100 ## - MAIN ENTRY--PERSONAL NAME
Personal name Rausch de Traubenberg, Michel
9 (RLIN) 5506
245 ## - TITLE STATEMENT
Title A supergravity primer :
Remainder of title from geometrical principles to the final Lagrangian /
Statement of responsibility, etc. Michel Rausch de Traubenberg; Mauricio Valenzuela
260 ## - PUBLICATION, DISTRIBUTION, ETC.
Place of publication, distribution, etc. New Jersey:
Name of publisher, distributor, etc. World Scientific;
Date of publication, distribution, etc. 2020.
300 ## - PHYSICAL DESCRIPTION
Extent p.
650 ## - SUBJECT ADDED ENTRY--TOPICAL TERM
Topical term or geographic name entry element Supergravity.
9 (RLIN) 5507
700 ## - ADDED ENTRY--PERSONAL NAME
Personal name Valenzuela, Mauricio
9 (RLIN) 5508
942 ## - ADDED ENTRY ELEMENTS (KOHA)
Koha item type Book
942 ## - ADDED ENTRY ELEMENTS (KOHA)
Source of classification or shelving scheme Dewey Decimal Classification
Holdings
Withdrawn status Lost status Source of classification or shelving scheme Damaged status Not for loan Home library Current library Date acquired Cost, normal purchase price Total checkouts Full call number Barcode Date last seen Cost, replacement price Price effective from Koha item type
    Dewey Decimal Classification     KCST Library KCST Library 14/11/2021 32.29   539.725 Tr Su 1000000911 14/11/2021 32.29 14/11/2021 Book
© 2025 KCST. All rights reserved